محروم دھلی کی ایک جھلک / (Record no. 174329)

MARC details
000 -LEADER
fixed length control field 00645nam a22002297a 4500
005 - DATE AND TIME OF LATEST TRANSACTION
control field 20200626104936.0
010 ## - LCCN (DPL NO)
LC control number 385259
020 ## - INTERNATIONAL STANDARD BOOK NUMBER
Terms of availability 2.50
035 ## - SYSTEM CONTROL NUMBER
System control number 385259
037 ## - SOURCE OF ACQUISITION
Source of stock number/acquisition Cen Lib/Ret
082 ## - DEWEY DECIMAL CLASSIFICATION NUMBER
Classification number 844
100 ## - MAIN ENTRY--PERSONAL NAME
Personal name شمیم احمد
245 ## - TITLE STATEMENT
Title محروم دھلی کی ایک جھلک /
Statement of responsibility, etc شمیم احمد
246 ## - VARYING FORM OF TITLE
Title proper/short title Mahroom Delhi ki Ek Jhalak /
Remainder of title by Shamim Ahmed
260 ## - PUBLICATION, DISTRIBUTION, ETC. (IMPRINT)
Place of publication, distribution, etc Delhi
Name of publisher, distributor, etc Idara Adbyat
300 ## - PHYSICAL DESCRIPTION
Extent 183p.
Dimensions 19cm(Hb)
650 ## - SUBJECT ADDED ENTRY--TOPICAL TERM
Topical term or geographic name as entry element ادب -- اردو
Form subdivision
650 ## - SUBJECT ADDED ENTRY--TOPICAL TERM
Topical term or geographic name as entry element اردو افسانے
650 ## - SUBJECT ADDED ENTRY--TOPICAL TERM
Topical term or geographic name as entry element Literature -- Urdu
650 ## - SUBJECT ADDED ENTRY--TOPICAL TERM
Topical term or geographic name as entry element Urdu stories
942 ## - ADDED ENTRY ELEMENTS (KOHA)
Source of classification or shelving scheme Dewey Decimal Classification
Item type Urdu Bks
Classification part 844
Call number suffix ش م ی
Holdings
Withdrawn status Lost status Not for loan Collection code Home library Current library Date acquired Source of acquisition Cost, normal purchase price Full call number Barcode Copy number Cost, replacement price Koha item type
      Non-fiction Central Library Central Library 05/06/2020 BPPD/Ven. 2.50 844 ش م ی 385259 1 2.50 Urdu Bks

© Delhi Public Library
Hit Counter
free hit counter